000 00472cam a2200193ua 4500
001 6071
008 131122n ii |||gr||||Z||||||asm
020 _a978-93-81485-36-1
040 _cMAIN
082 _a808.8032
245 _aTawangat Sasha Din
_cBy Lohit Deka
260 _aGuwahati:
_bJyoti Prakashan,
_c2012.
300 _ax,265p.
653 _aLiterature
653 _aTawangot Sasha Din
653 _aTravelogue
700 _aDeka,Lohit,
_eAuthor.
942 _cBK
999 _c5224
_d5224